header

The reality of God and the problem of evil (Record no. 1848)

MARC details
000 -LEADER
fixed length control field 01504nam a2200349 a 4500
082 04 - DEWEY DECIMAL CLASSIFICATION NUMBER
Classification number 231.8
100 1# - MAIN ENTRY--AUTHOR NAME
Personal name Davies, Brian,
245 14 - TITLE STATEMENT
Title The reality of God and the problem of evil
260 ## - PUBLICATION, DISTRIBUTION, ETC. (IMPRINT)
Place of publication London ;
-- New York :
Name of publisher Continuum,
Year of publication 2006.
300 ## - PHYSICAL DESCRIPTION
Number of Pages 264 p.
505 0# - FORMATTED CONTENTS NOTE
Formatted contents note The problem of evil -- God the creator -- Identifying God -- God's moral standing -- How not to exonerate God : I -- How not to exonerate God : II -- Evil, causation and God -- Goodness, love and reasons -- God, evil and goodness -- Appendix: Is God morally indifferent?
650 #0 - SUBJECT ADDED ENTRY--TOPICAL TERM
Topical Term Theodicy.
Topical Term Good and evil.
856 40 - ELECTRONIC LOCATION AND ACCESS
Uniform Resource Identifier http://site.ebrary.com/lib/rucke/Doc?id=10285191

No items available.

© 2026 Rongo University
Contact us: librarian | system librarian | Rongo university